[Event "Titled Tue 17th Jun Early"]
[Site "chess.com INT"]
[Date "2025.06.17"]
[Round "2"]
[White "Tuguldur, Soninbayar"]
[Black "Klukin, Kirill"]
[Result "0-1"]
[WhiteTitle "CM"]
[BlackTitle "IM"]
[WhiteElo "2120"]
[BlackElo "2401"]
[WhiteFideId "4921224"]
[BlackFideId "24199273"]
[EventDate "2025.06.17"]

1. d4 e6 2. Bf4 b6 3. Nc3 Bb7 4. e4 Bb4 5. Bd3 Nf6 6. f3 c5 7. Ne2 Nc6 8. dxc5
Bxc5 9. Nb5 O-O 10. Bd6 Re8 11. Bxc5 bxc5 12. Nd6 Qa5+ 13. c3 Reb8 14. Nxb7 Rxb7
15. b3 d5 16. O-O Rd8 17. Qc2 c4 18. bxc4 dxc4 19. Bxc4 Qc5+ 20. Nd4 Qxc4 21.
Nxc6 Qxc6 22. Rfd1 Rc8 23. Rac1 h6 24. Kh1 Rbc7 25. Qb3 Nd7 26. Qa3 Nb6 27. Qb4
Qc5 28. Qb3 Qe3 29. c4 Qg5 30. h3 Rxc4 31. Rxc4 Rxc4 32. Qd3 Rc1 33. Rxc1 Qxc1+
34. Kh2 Qc7+ 35. Kh1 g6 36. Qd4 h5 37. Qf6 Nc4 38. a4 Ne3 39. Qg5 Qc1+ 40. Kh2
Nf1+ 0-1

[Event "Titled Tue 17th Jun Early"]
[Site "chess.com INT"]
[Date "2025.06.17"]
[Round "2"]
[White "Purushothaman, Thirumalai"]
[Black "Fedorov, Artem Alek"]
[Result "0-1"]
[WhiteTitle "FM"]
[BlackTitle "CM"]
[WhiteElo "2027"]
[BlackElo "2157"]
[WhiteFideId "5012791"]
[BlackFideId "34418431"]
[EventDate "2025.06.17"]

1. e4 c5 2. c3 d5 3. exd5 Qxd5 4. d4 e6 5. Nf3 Nf6 6. Be2 cxd4 7. cxd4 Nc6 8.
O-O Be7 9. Nc3 Qd6 10. Nb5 Qd7 11. Bf4 Nd5 12. Bg3 O-O 13. Ne5 Nxe5 14. Bxe5 b6
15. Rc1 Bb7 16. Nc7 Rac8 17. Nxd5 Bxd5 18. b3 Bg5 19. f4 Be7 20. Qd2 f6 21. f5
fxe5 22. Bg4 Rxc1 23. Rxc1 exf5 24. Be2 exd4 25. Kh1 Rd8 26. Qxd4 Bxg2+ 0-1

[Event "Titled Tue 17th Jun Early"]
[Site "chess.com INT"]
[Date "2025.06.17"]
[Round "2"]
[White "Shangin, Lev"]
[Black "Kosakowski, Jakub"]
[Result "0-1"]
[BlackTitle "GM"]
[WhiteElo "2169"]
[BlackElo "2548"]
[WhiteFideId "55681085"]
[BlackFideId "1185080"]
[EventDate "2025.06.17"]

1. Nf3 Nf6 2. c4 e6 3. d4 d5 4. Nc3 Bb4 5. cxd5 exd5 6. Bg5 h6 7. Bh4 g5 8. Bg3
Ne4 9. Nd2 Nxg3 10. hxg3 c6 11. Qb3 Ba5 12. Qc2 Be6 13. a3 Nd7 14. b4 Bb6 15.
Nf3 a5 16. bxa5 Bxa5 17. e3 g4 18. Nd2 h5 19. Bd3 h4 20. gxh4 Rxh4 21. Rxh4 Qxh4
22. g3 Qh1+ 23. Bf1 Ke7 24. Nb3 Bc7 25. Kd2 Qh2 26. Kc1 Bd6 27. Kb2 b5 28. Bd3
Nb6 29. Nc5 Bxc5 30. dxc5 Nd7 31. Na2 Qh8+ 32. Kb1 Rxa3 33. Bf5 Rb3+ 34. Qxb3
Bxf5+ 0-1

[Event "Titled Tue 17th Jun Early"]
[Site "chess.com INT"]
[Date "2025.06.17"]
[Round "2"]
[White "Khazhatuly, Alikhan"]
[Black "Martinez Alcantara, Jose Eduardo"]
[Result "0-1"]
[WhiteTitle "CM"]
[BlackTitle "GM"]
[WhiteElo "2173"]
[BlackElo "2611"]
[WhiteFideId "13731335"]
[BlackFideId "3805662"]
[EventDate "2025.06.17"]

1. e4 c5 2. Nf3 d6 3. d4 cxd4 4. Nxd4 a6 5. Nc3 e6 6. f3 Nf6 7. Be3 h5 8. Qd2
Nbd7 9. O-O-O b5 10. h3 Bb7 11. Rg1 h4 12. Kb1 Rc8 13. Nb3 b4 14. Ne2 d5 15.
exd5 Nxd5 16. Bd4 Qc7 17. g3 a5 18. Nf4 a4 19. Nc1 hxg3 20. Nxd5 Bxd5 21. Bb5
Bc6 22. Bxc6 Qxc6 23. Rxg3 Rh5 24. Bxg7 Rd5 25. Nd3 b3 26. c4 Qxc4 27. Bxf8 Qc2+
28. Ka1 Qxd2 29. Rxd2 Rxd3 30. Ba3 Rc1# 0-1

[Event "Titled Tue 17th Jun Early"]
[Site "chess.com INT"]
[Date "2025.06.17"]
[Round "2"]
[White "Redor, Menandro"]
[Black "Yatskar, Martin"]
[Result "0-1"]
[BlackTitle "CM"]
[WhiteElo "2021"]
[BlackElo "2225"]
[WhiteFideId "5222010"]
[BlackFideId "34109676"]
[EventDate "2025.06.17"]

1. e4 e5 2. d4 exd4 3. Nf3 Nc6 4. Bc4 Nf6 5. e5 Ne4 6. O-O d5 7. exd6 Nxd6 8.
Bb3 Be7 9. Nxd4 Nxd4 10. Qxd4 O-O 11. Nc3 Bf6 12. Qe3 Nf5 13. Qc5 c6 14. Bf4 Bd4
15. Qc4 Be6 16. Qd3 Bxb3 17. axb3 Qf6 18. Ne4 Qg6 19. c3 Bb6 20. Rad1 Rad8 21.
Qf3 h6 22. Bg3 Rfe8 23. Rxd8 Rxd8 24. c4 Nd4 25. Qd1 Qxe4 26. Re1 Ne2+ 0-1

[Event "Titled Tue 17th Jun Early"]
[Site "chess.com INT"]
[Date "2025.06.17"]
[Round "2"]
[White "Radchenko, Alexey"]
[Black "Hrabinska, Myroslava"]
[Result "1-0"]
[WhiteTitle "FM"]
[BlackTitle "WGM"]
[WhiteElo "2290"]
[BlackElo "2121"]
[WhiteFideId "4192362"]
[BlackFideId "14109190"]
[EventDate "2025.06.17"]

1. d4 d5 2. c4 e6 3. Nc3 Nf6 4. Nf3 Be7 5. Bg5 O-O 6. e3 h6 7. Bh4 Ne4 8. Bxe7
Qxe7 9. Bd3 Nxc3 10. bxc3 dxc4 11. Bxc4 Nd7 12. O-O b6 13. Rb1 Bb7 14. Bd3 c5
15. Re1 Rfd8 16. e4 cxd4 17. cxd4 Qa3 18. Qe2 Nf6 19. h3 Rac8 20. Rb3 Qe7 21. a4
Bc6 22. Qa2 Qb7 23. Qe2 Qe7 24. Ra1 Nh5 25. Qe3 Qf6 26. a5 bxa5 27. Rxa5 Rc7 28.
Rxh5 e5 29. Rxe5 Ba4 30. Ra3 Rc1+ 31. Qxc1 1-0

[Event "Titled Tue 17th Jun Early"]
[Site "chess.com INT"]
[Date "2025.06.17"]
[Round "2"]
[White "Dominguez, Ramiro"]
[Black "Mayank, Chakraborty"]
[Result "0-1"]
[WhiteTitle "FM"]
[BlackTitle "IM"]
[WhiteElo "2210"]
[BlackElo "2457"]
[WhiteFideId "4420055"]
[BlackFideId "25659766"]
[EventDate "2025.06.17"]

1. e4 e5 2. Nf3 Nc6 3. Bb5 Nf6 4. O-O Nxe4 5. d4 Nd6 6. Bxc6 dxc6 7. dxe5 Nf5 8.
Qe2 Be6 9. Nc3 Bb4 10. Bd2 O-O 11. Rfe1 Qe7 12. Rad1 h6 13. a3 Bc5 14. Ne4 Rfd8
15. Bc3 Bb6 16. h3 a5 17. Rxd8+ Rxd8 18. Rd1 Bd5 19. Rd3 Re8 20. g4 Nh4 21. Nxh4
Qxh4 22. Rg3 Bxe4 0-1

[Event "Titled Tue 17th Jun Early"]
[Site "chess.com INT"]
[Date "2025.06.17"]
[Round "2"]
[White "Brady, Tyson"]
[Black "Oparin, Grigoriy"]
[Result "0-1"]
[WhiteTitle "CM"]
[BlackTitle "GM"]
[WhiteElo "2170"]
[BlackElo "2660"]
[WhiteFideId "30970369"]
[BlackFideId "24125890"]
[EventDate "2025.06.17"]

1. Nf3 Nf6 2. g3 b5 3. Bg2 Bb7 4. O-O e6 5. d3 c5 6. Nbd2 Nc6 7. e4 d6 8. Re1
Be7 9. a4 b4 10. e5 dxe5 11. Nxe5 Qc8 12. Nxc6 Bxc6 13. Bxc6+ Qxc6 14. Qf3 Qc8
15. Nc4 O-O 16. Bg5 h6 17. Bxf6 Bxf6 18. a5 Rb8 19. a6 b3 20. c3 Rd8 21. Ra5 Rd5
22. Qe3 Qc7 23. Rd1 Qc6 24. Ra3 Qd7 25. Rd2 Bg5 26. f4 Bf6 27. Qe2 Qc6 28. Qd1
Rbd8 29. Qxb3 Rxd3 30. Rxd3 Rxd3 31. Ra1 Bd4+ 32. Kf1 Qf3+ 0-1

[Event "Titled Tue 17th Jun Early"]
[Site "chess.com INT"]
[Date "2025.06.17"]
[Round "2"]
[White "Cuellar Montes, Alejandro"]
[Black "Murthy, Pappu"]
[Result "1-0"]
[WhiteTitle "CM"]
[WhiteElo "2173"]
[BlackElo "1838"]
[WhiteFideId "32096836"]
[BlackFideId "2013401"]
[EventDate "2025.06.17"]

1. d4 Nf6 2. c4 e6 3. Nc3 d5 4. cxd5 exd5 5. Bg5 c6 6. e3 h6 7. Bh4 Be7 8. Bd3
O-O 9. Nge2 Ne8 10. Bg3 Nd6 11. O-O Re8 12. f3 Bf8 13. Bf2 Nd7 14. e4 dxe4 15.
fxe4 b5 16. e5 Nc4 17. Bxc4 bxc4 18. Qa4 Nb6 19. Qxc6 Be6 20. Nf4 Rc8 21. Nxe6
Rxe6 22. Qf3 Rg6 23. d5 Qd7 24. Rad1 Na4 25. Nxa4 Qxa4 26. Bd4 Bc5 27. Qxf7+ Kh7
28. Bxc5 Rxc5 29. e6 Qc2 30. Qf2 Qxf2+ 31. Rxf2 c3 32. bxc3 Rxc3 33. e7 Re3 34.
d6 Ree6 35. d7 Rxe7 36. d8=Q 1-0

[Event "Titled Tue 17th Jun Early"]
[Site "chess.com INT"]
[Date "2025.06.17"]
[Round "2"]
[White "Svane, Rasmus"]
[Black "Medina, VInce Angelo"]
[Result "1-0"]
[WhiteTitle "GM"]
[WhiteElo "2626"]
[BlackElo "2138"]
[WhiteFideId "4657101"]
[BlackFideId "5205069"]
[EventDate "2025.06.17"]

1. Nf3 d5 2. g3 Bg4 3. Bg2 Bxf3 4. Bxf3 c6 5. d3 e6 6. O-O Nd7 7. e4 Ne7 8. Nd2
g6 9. d4 Bg7 10. c3 O-O 11. a4 Rc8 12. Re1 a6 13. a5 Qc7 14. Bg2 Rfe8 15. h4 h5
16. Qa4 c5 17. e5 Nc6 18. Nf3 b5 19. axb6 Nxb6 20. Qd1 cxd4 21. cxd4 Nb4 22. Re3
Qc2 23. Qf1 Qc4 24. Rc3 Qxf1+ 25. Bxf1 Nc4 26. Kg2 Bf8 27. Ra4 Nb6 28. Ra5 Nc4
29. Ra4 Nb6 30. Ra1 Nc4 31. b3 Nb6 32. Bd2 Ra8 33. Rc7 a5 34. Rb7 Nc8 35. Bxb4
Bxb4 36. Rxb4 Ne7 37. Rb7 1-0

[Event "Titled Tue 17th Jun Early"]
[Site "chess.com INT"]
[Date "2025.06.17"]
[Round "2"]
[White "Lagarde, Maxime"]
[Black "Cernov, Henrik"]
[Result "1-0"]
[WhiteTitle "GM"]
[BlackTitle "FM"]
[WhiteElo "2621"]
[BlackElo "2325"]
[WhiteFideId "662399"]
[BlackFideId "16258312"]
[EventDate "2025.06.17"]

1. d4 Nf6 2. c4 Nc6 3. Nf3 e6 4. e3 Bb4+ 5. Bd2 Qe7 6. Be2 Bxd2+ 7. Qxd2 Ne4 8.
Qc2 Qb4+ 9. Nbd2 Nxd2 10. Qxd2 Qe7 11. O-O d6 12. b4 e5 13. b5 Nb8 14. Qb4 Nd7
15. a4 O-O 16. Rfe1 e4 17. Nd2 f5 18. f4 g5 19. Nf1 Qg7 20. fxg5 Qxg5 21. c5 f4
22. exf4 Qxf4 23. Bc4+ Kg7 24. cxd6 cxd6 25. Qd2 Nb6 26. Bb3 d5 27. a5 Nc4 28.
Bxc4 dxc4 29. Qxf4 Rxf4 30. Ne3 Bd7 31. b6 Bb5 32. Nd5 Rg4 33. Nc7 1-0

[Event "Titled Tue 17th Jun Early"]
[Site "chess.com INT"]
[Date "2025.06.17"]
[Round "2"]
[White "Antonio, Jorge Carlos"]
[Black "Khodzhamkuliev, Bahadur"]
[Result "0-1"]
[WhiteTitle "FM"]
[WhiteElo "2277"]
[BlackElo "2093"]
[WhiteFideId "113190"]
[BlackFideId "24135046"]
[EventDate "2025.06.17"]

1. d4 d6 2. Nf3 g6 3. c4 Bg7 4. Nc3 Bg4 5. g3 Bxf3 6. exf3 Nc6 7. Be3 e5 8. d5
Nd4 9. Bd3 Ne7 10. O-O O-O 11. h4 c5 12. dxc6 bxc6 13. Bxd4 exd4 14. Ne4 Rb8 15.
b3 d5 16. Ng5 h6 17. f4 hxg5 18. fxg5 dxc4 19. Bxc4 Nd5 20. Qf3 Qd6 21. Rae1
Rbe8 22. Bd3 Re5 23. Qg4 Qe6 24. Qxe6 Rxe6 25. Rxe6 fxe6 26. Kg2 Nb4 27. Bxg6 d3
28. Rd1 Bd4 29. f4 e5 30. Bxd3 Nxa2 31. f5 Nb4 32. Bc4+ Kh8 33. f6 Nc2 34. Kf3
Ne3 35. Ke4 Nxd1 36. Kf5 Ne3+ 37. Kg6 Nxc4 38. bxc4 e4 39. Kf5 e3 40. h5 e2 41.
g4 e1=Q 42. g6 Qe5# 0-1

[Event "Titled Tue 17th Jun Early"]
[Site "chess.com INT"]
[Date "2025.06.17"]
[Round "2"]
[White "Gholami Orimi, Mahdi"]
[Black "Nayak, Rajesh"]
[Result "1-0"]
[WhiteTitle "GM"]
[BlackTitle "FM"]
[WhiteElo "2511"]
[BlackElo "2262"]
[WhiteFideId "12558486"]
[BlackFideId "35017152"]
[EventDate "2025.06.17"]

1. c4 c5 2. g3 Nf6 3. Bg2 d5 4. cxd5 Nxd5 5. Nf3 Nc6 6. d4 cxd4 7. Nxd4 Nxd4 8.
Qxd4 e6 9. O-O Qf6 10. Qc4 Bd7 11. Qb3 Bc6 12. e4 Nb6 13. a4 Qd4 14. a5 Nd7 15.
Rd1 Qb4 16. Qc2 Nc5 17. a6 Rc8 18. axb7 Qxb7 19. Be3 Bxe4 20. Bxe4 Qxe4 21. Qe2
Be7 22. Rxa7 Bf6 23. Qb5+ Kf8 24. Bxc5+ 1-0

[Event "Titled Tue 17th Jun Early"]
[Site "chess.com INT"]
[Date "2025.06.17"]
[Round "2"]
[White "Mattenberger, Matthias"]
[Black "Newansa, M Esandi"]
[Result "0-1"]
[WhiteTitle "FM"]
[BlackTitle "WCM"]
[WhiteElo "2286"]
[BlackElo "1945"]
[WhiteFideId "1339958"]
[BlackFideId "9999060"]
[EventDate "2025.06.17"]

1. e4 c6 2. d4 d5 3. exd5 cxd5 4. c4 Nf6 5. Nc3 Nc6 6. Nf3 Bg4 7. Be3 dxc4 8.
Bxc4 e6 9. h3 Bh5 10. Qb3 Qc8 11. Ne5 Bd6 12. Nxc6 bxc6 13. O-O O-O 14. Bg5 Nd5
15. Ne4 Bc7 16. Rac1 Rb8 17. Qc2 Nb4 18. Qd2 f6 19. Bh4 Kh8 20. Rfe1 e5 21. dxe5
Bxe5 22. Nd6 Qd8 0-1

[Event "Titled Tue 17th Jun Early"]
[Site "chess.com INT"]
[Date "2025.06.17"]
[Round "2"]
[White "Iniyan, Pa"]
[Black "Keneshbekov, Elim"]
[Result "1-0"]
[WhiteTitle "GM"]
[BlackTitle "CM"]
[WhiteElo "2573"]
[BlackElo "1883"]
[WhiteFideId "25002767"]
[BlackFideId "13816772"]
[EventDate "2025.06.17"]

1. c4 e5 2. Nf3 Nc6 3. Nc3 f5 4. g3 Nf6 5. Bg2 g6 6. O-O Bg7 7. d3 O-O 8. Rb1 d6
9. b4 Ne7 10. b5 h6 11. a4 c6 12. a5 Be6 13. Ba3 c5 14. Ne1 Rb8 15. b6 a6 16.
Nc2 Qc8 17. Ne3 f4 18. Ned5 Nexd5 19. cxd5 Bh3 20. Ne4 Nxe4 21. dxe4 Bxg2 22.
Kxg2 Qg4 23. f3 Qg5 24. Qe1 h5 25. Bc1 h4 26. Rh1 Kf7 27. Kf1 hxg3 28. hxg3 Rh8
29. Rg1 Rh2 30. gxf4 Qh5 31. Qg3 Rh8 32. f5 Bf6 33. Qxg6+ Qxg6 34. fxg6+ Kg7 35.
Bg5 Kxg6 36. Bf4+ Kf7 37. Bxh2 Rxh2 38. Ke1 1-0

[Event "Titled Tue 17th Jun Early"]
[Site "chess.com INT"]
[Date "2025.06.17"]
[Round "2"]
[White "Idani, Pouya"]
[Black "Looi, Xin Hao"]
[Result "1-0"]
[WhiteTitle "GM"]
[BlackTitle "CM"]
[WhiteElo "2593"]
[BlackElo "2009"]
[WhiteFideId "12510130"]
[BlackFideId "5702828"]
[EventDate "2025.06.17"]

1. e4 c6 2. d4 d5 3. exd5 cxd5 4. Bd3 Nc6 5. c3 Nf6 6. h3 g6 7. Nf3 Bf5 8. O-O
Bg7 9. Qc2 Bxd3 10. Qxd3 O-O 11. Bf4 Rc8 12. Nbd2 a6 13. Rfe1 b5 14. a4 Qb6 15.
b4 e6 16. Nb3 bxa4 17. Rxa4 Qb5 18. Qxb5 axb5 19. Ra3 Ne4 20. Nc5 Ra8 21. Rxa8
Rxa8 22. Nxe4 dxe4 23. Rxe4 Ra3 24. d5 exd5 25. Re8+ 1-0

[Event "Titled Tue 17th Jun Early"]
[Site "chess.com INT"]
[Date "2025.06.17"]
[Round "2"]
[White "Dighton, Simon"]
[Black "Grezels, Florian"]
[Result "0-1"]
[WhiteTitle "CM"]
[BlackTitle "FM"]
[WhiteElo "2237"]
[BlackElo "2306"]
[WhiteFideId "408603"]
[BlackFideId "20696450"]
[EventDate "2025.06.17"]

1. d4 Nf6 2. Nf3 c5 3. dxc5 Na6 4. Nc3 Nxc5 5. g3 b6 6. Bg2 Bb7 7. O-O e6 8. Bg5
Be7 9. Nb5 d5 10. Ne5 a6 11. Nd4 Rc8 12. c3 O-O 13. a4 Nce4 14. Bf4 Bd6 15. f3
Nc5 16. a5 b5 17. Nb3 Nxb3 18. Qxb3 g5 19. Bxg5 Bxe5 20. e4 Bd6 21. Rae1 Be7 22.
e5 Nd7 23. Bh6 Re8 24. Qb4 Bxb4 0-1

[Event "Titled Tue 17th Jun Early"]
[Site "chess.com INT"]
[Date "2025.06.17"]
[Round "2"]
[White "Roebers, Jan"]
[Black "Danila, Tudor-Gabriel"]
[Result "0-1"]
[WhiteTitle "FM"]
[BlackTitle "CM"]
[WhiteElo "2056"]
[BlackElo "2178"]
[WhiteFideId "1007815"]
[BlackFideId "1274244"]
[EventDate "2025.06.17"]

1. e4 c5 2. d4 cxd4 3. c3 dxc3 4. Nxc3 g6 5. Nf3 Bg7 6. e5 Nc6 7. Bf4 Nh6 8. Bc4
O-O 9. O-O Ng4 10. Qe2 d6 11. exd6 exd6 12. Rad1 Nge5 13. Bb3 Bg4 14. Bd5 Qf6
15. Bxe5 Nxe5 16. Ne4 Nxf3+ 17. Kh1 Qf4 18. g3 Qe5 19. h3 Bxh3 20. Qxf3 Bxf1 21.
Rxf1 Qxb2 22. Kg2 Rac8 23. Rh1 Qe5 24. Bxb7 Rc2 25. Rd1 Kh8 26. Nxd6 Qf6 27. Qe3
Rxa2 28. Bd5 Qxd6 29. Bxa2 Qxd1 0-1

[Event "Titled Tue 17th Jun Early"]
[Site "chess.com INT"]
[Date "2025.06.17"]
[Round "2"]
[White "Aakash, G"]
[Black "Della Corte, Alessandro"]
[Result "0-1"]
[WhiteTitle "FM"]
[BlackTitle "CM"]
[WhiteElo "2123"]
[BlackElo "2207"]
[WhiteFideId "25644394"]
[BlackFideId "813540"]
[EventDate "2025.06.17"]

1. d4 Nf6 2. c4 g6 3. Nc3 Bg7 4. e4 d6 5. Be2 O-O 6. Be3 Nc6 7. Nf3 Bd7 8. h3 e5
9. O-O exd4 10. Nxd4 Re8 11. Qc2 a6 12. Rad1 Qe7 13. f3 Nh5 14. Nd5 Qd8 15. Rfe1
Nxd4 16. Bxd4 Qh4 17. Bxg7 Kxg7 18. Nxc7 Bxh3 19. Nxe8+ Rxe8 20. Bf1 Nf4 21. Qf2
Qg5 22. Kh2 Bd7 23. Rxd6 Bc8 24. Red1 Re5 25. Qg3 Qh6+ 26. Kg1 Rg5 27. Qxf4
Rxg2+ 28. Bxg2 Qxf4 29. R6d3 Be6 30. b3 h5 31. Kf2 h4 32. Rd5 Qg3+ 33. Kf1 h3
34. Bh1 Qh2 0-1

[Event "Titled Tue 17th Jun Early"]
[Site "chess.com INT"]
[Date "2025.06.17"]
[Round "2"]
[White "Kravtsiv, Martyn"]
[Black "Burmakin, Evgeniy"]
[Result "1-0"]
[WhiteTitle "GM"]
[BlackTitle "FM"]
[WhiteElo "2598"]
[BlackElo "2110"]
[WhiteFideId "14113147"]
[BlackFideId "4163729"]
[EventDate "2025.06.17"]

1. b3 e5 2. Bb2 Nc6 3. g3 d5 4. Bg2 f5 5. d3 Nf6 6. Nd2 Bd6 7. e3 O-O 8. Ne2 Qe8
9. a3 a5 10. c4 Be6 11. Qc2 Rd8 12. c5 Be7 13. O-O-O b6 14. d4 Ne4 15. Rhf1 bxc5
16. dxe5 a4 17. bxa4 Rb8 18. Nf4 Qf7 19. g4 fxg4 20. Nxe4 dxe4 21. Nxe6 Qxe6 22.
Bxe4 Rfd8 23. Bxh7+ Kh8 24. Bf5 Qa2 25. Rxd8+ Rxd8 26. Bxg4 Na5 27. Bd1 c4 28.
Qc3 Nb3+ 29. Bxb3 cxb3 30. Qxc7 1-0

[Event "Titled Tue 17th Jun Early"]
[Site "chess.com INT"]
[Date "2025.06.17"]
[Round "2"]
[White "Duarte Cramer, Lily Jeanette"]
[Black "Aliyev, Elnur"]
[Result "0-1"]
[WhiteTitle "WCM"]
[BlackTitle "CM"]
[WhiteElo "1828"]
[BlackElo "2123"]
[WhiteFideId "29620180"]
[BlackFideId "13402617"]
[EventDate "2025.06.17"]

1. d4 c5 2. d5 e5 3. c4 d6 4. Nc3 Be7 5. e4 f5 6. Bd3 f4 7. Nge2 Nh6 8. h3 Nf7
9. a3 Na6 10. Nb5 Nc7 11. Nxc7+ Qxc7 12. b4 b6 13. Bd2 O-O 14. b5 a6 15. a4 axb5
16. axb5 Rxa1 17. Qxa1 f3 18. gxf3 Bg5 19. f4 exf4 20. Nxf4 Ne5 21. Ne6 Bxe6 22.
Bxg5 Nxd3+ 23. Ke2 Qf7 24. Be3 Nf4+ 25. Bxf4 Qxf4 26. dxe6 Qxe4+ 27. Kd2 Rxf2+
28. Kc3 Qc2# 0-1

[Event "Titled Tue 17th Jun Early"]
[Site "chess.com INT"]
[Date "2025.06.17"]
[Round "2"]
[White "Carlsen, Magnus"]
[Black "Ratkovic, Miloje"]
[Result "1-0"]
[WhiteTitle "GM"]
[BlackTitle "GM"]
[WhiteElo "2837"]
[BlackElo "2489"]
[WhiteFideId "1503014"]
[BlackFideId "914517"]
[EventDate "2025.06.17"]

1. d4 Nf6 2. c3 d5 3. Bg5 c6 4. Nd2 Bf5 5. Ngf3 e6 6. Nh4 Bg6 7. Nxg6 hxg6 8. e3
Nbd7 9. h3 Bd6 10. Bd3 Qc7 11. Qe2 Nh7 12. Nf3 Nxg5 13. Nxg5 Be7 14. Nf3 O-O-O
15. c4 dxc4 16. Bxc4 Qa5+ 17. Kf1 Kb8 18. g3 Bd6 19. Kg2 g5 20. a3 Qf5 21. Bd3
Qf6 22. b4 e5 23. b5 c5 24. dxe5 Nxe5 25. Nxe5 Bxe5 26. Rad1 Rd6 27. Bc4 Rhd8
28. Rxd6 Rxd6 29. h4 g4 30. Qxg4 Rd2 31. Rf1 Rc2 32. Qe4 Rd2 33. Bxf7 g5 34. h5
Bxg3 35. Qe8+ Rd8 36. fxg3 Qb2+ 37. Rf2 1-0

[Event "Titled Tue 17th Jun Early"]
[Site "chess.com INT"]
[Date "2025.06.17"]
[Round "2"]
[White "Zieba, Hubert"]
[Black "Esipenko, Andrey"]
[Result "0-1"]
[WhiteTitle "CM"]
[BlackTitle "GM"]
[WhiteElo "2233"]
[BlackElo "2689"]
[WhiteFideId "21844704"]
[BlackFideId "24175439"]
[EventDate "2025.06.17"]

1. d4 d5 2. c4 dxc4 3. Nf3 Nf6 4. e3 Be6 5. Nc3 c6 6. Ng5 Bd5 7. e4 h6 8. exd5
hxg5 9. Bxc4 cxd5 10. Bb5+ Nc6 11. Bxg5 e6 12. Qa4 Qb6 13. O-O-O Rc8 14. Rhe1 a6
15. Bxc6+ Qxc6 16. Qxc6+ Rxc6 17. Bxf6 gxf6 18. h3 Kd7 19. Kd2 Bd6 20. Kd3 f5
21. Ne2 f6 22. Rc1 e5 23. Rxc6 bxc6 24. f4 c5 25. fxe5 fxe5 26. dxe5 Bxe5 27.
Nc3 Kd6 28. Rf1 Rg8 29. Rxf5 Rxg2 30. Rh5 c4+ 31. Ke3 d4+ 32. Ke4 dxc3 33. bxc3
Re2+ 34. Kf3 Rxa2 35. Rh6+ Kd5 36. h4 0-1

[Event "Titled Tue 17th Jun Early"]
[Site "chess.com INT"]
[Date "2025.06.17"]
[Round "2"]
[White "Otdelnov, Kirill"]
[Black "Tin, Jingyao"]
[Result "0-1"]
[WhiteTitle "FM"]
[BlackTitle "GM"]
[WhiteElo "2273"]
[BlackElo "2583"]
[WhiteFideId "24280216"]
[BlackFideId "5804418"]
[EventDate "2025.06.17"]

1. Nf3 d5 2. g3 Nf6 3. Bg2 c6 4. O-O Bg4 5. h3 Bh5 6. d4 Nbd7 7. c4 e6 8. cxd5
exd5 9. Ne5 Nxe5 10. dxe5 Ne4 11. g4 Bg6 12. f4 Bc5+ 13. e3 f5 14. Qb3 Qb6 15.
Bxe4 Qxb3 16. axb3 dxe4 17. Nc3 O-O-O 18. Na4 Bb4 19. Kf2 h5 20. gxf5 Bxf5 21.
Rh1 h4 22. Ke2 Rh6 23. Nc3 Rg6 24. Rxa7 Kb8 25. Ra4 Rg2+ 26. Kf1 Rc2 27. Ra1
Bxc3 28. bxc3 Rd1# 0-1

[Event "Titled Tue 17th Jun Early"]
[Site "chess.com INT"]
[Date "2025.06.17"]
[Round "2"]
[White "Atanasov, Anthony"]
[Black "Demchenko, Yaroslav"]
[Result "1-0"]
[WhiteTitle "IM"]
[BlackTitle "CM"]
[WhiteElo "2417"]
[BlackElo "2263"]
[WhiteFideId "2623897"]
[BlackFideId "14186667"]
[EventDate "2025.06.17"]

1. d4 e6 2. Bf4 d5 3. e3 Bd6 4. Qg4 Nf6 5. Qxg7 Rg8 6. Qh6 Rg6 7. Qh4 Rg4 8. Qh6
Rg6 9. Qh4 Rg4 10. Qh3 Bxf4 11. exf4 Rxf4 12. Bb5+ c6 13. Ne2 e5 14. Qh6 cxb5
15. dxe5 Rxf2 16. exf6 Rxf6 17. Qxh7 Bf5 18. Qh8+ Kd7 19. Qxd8+ Kxd8 20. O-O Nd7
21. Nbc3 Bxc2 22. Nxd5 Rd6 23. Nec3 b4 24. Nxb4 Bg6 25. Rad1 Rxd1 26. Rxd1 Ke8
27. Nb5 Rd8 28. Nd6+ Ke7 29. Nxb7 Rb8 30. Nc6+ 1-0

[Event "Titled Tue 17th Jun Early"]
[Site "chess.com INT"]
[Date "2025.06.17"]
[Round "2"]
[White "Bruhovich, Olexandr"]
[Black "Atoyan, Alberto"]
[Result "1/2-1/2"]
[WhiteTitle "CM"]
[BlackTitle "CM"]
[WhiteElo "2208"]
[BlackElo "2266"]
[WhiteFideId "14119919"]
[BlackFideId "13314831"]
[EventDate "2025.06.17"]

1. e4 Nf6 2. e5 Nd5 3. Nc3 Nxc3 4. dxc3 d6 5. exd6 cxd6 6. Bd3 g6 7. Nf3 Bg7 8.
O-O O-O 9. Bg5 Nc6 10. h3 Qb6 11. Qc1 Ne5 12. Nxe5 dxe5 13. Bxe7 Re8 14. Bg5 e4
15. Bc4 Be6 16. Be3 Qc6 17. Bb3 f5 18. Rd1 a6 19. Bf4 Rad8 20. Bg5 Rxd1+ 21.
Qxd1 h6 22. Be3 g5 23. Qh5 f4 24. Bd4 Bxd4 25. cxd4 Bxb3 26. axb3 Kg7 27. Re1
Re7 28. c4 Qb6 29. d5 e3 30. fxe3 Rxe3 31. Rxe3 Qxe3+ 32. Kh1 Qe1+ 33. Kh2 Qg3+
34. Kh1 Qe1+ 35. Kh2 Qg3+ 36. Kh1 Qe1+ 1/2-1/2